[Event "Greek Team Championship"]
[Site "chess24.com"]
[Date "2017.07.03"]
[Round "1"]
[White "Halkias, Stelios"]
[Black "Balogh, Csaba"]
[Result "1/2-1/2"]
[Board "1"]
[WhiteElo "2580"]
[WhiteTitle "GM"]
[WhiteCountry "GRE"]
[WhiteFideId "4201809"]
[WhiteEloChange "1"]
[BlackElo "2641"]
[BlackTitle "GM"]
[BlackCountry "HUN"]
[BlackFideId "718939"]
[BlackEloChange "-1"]

1. e4 {[%clk 1:30:26]} e5 {[%clk 1:29:57]} 2. Nf3 {[%clk 1:30:34]} Nc6 {[%clk
1:30:05]} 3. Bb5 {[%clk 1:30:24]} Nf6 {[%clk 1:30:17]} 4. O-O {[%clk 1:29:46]}
Nxe4 {[%clk 1:30:09]} 5. Re1 {[%clk 1:29:27]} Nd6 {[%clk 1:30:07]} 6. Nxe5 {[%clk
1:29:35]} Be7 {[%clk 1:30:12]} 7. Bf1 {[%clk 1:29:25]} Nxe5 {[%clk 1:30:17]} 8.
Rxe5 {[%clk 1:29:46]} O-O {[%clk 1:30:44]} 9. d4 {[%clk 1:29:17]} Bf6 {[%clk
1:23:56]} 10. Re1 {[%clk 1:29:00]} Re8 {[%clk 1:24:17]} 11. Bf4 {[%clk 1:25:03]}
Rxe1 {[%clk 1:21:46]} 12. Qxe1 {[%clk 1:25:21]} Ne8 {[%clk 1:21:18]} 13. Nc3
{[%clk 1:21:45]} Bxd4 {[%clk 1:13:31]} 14. Nd5 {[%clk 1:20:37]} d6 {[%clk
1:10:49]} 15. Bg5 {[%clk 1:20:16]} f6 {[%clk 1:10:28]} 16. Bh4 {[%clk 1:18:09]}
Bxb2 {[%clk 1:05:31]} 17. Rb1 {[%clk 1:18:17]} Be5 {[%clk 1:05:07]} 18. f4 {[%clk
1:15:14]} c6 {[%clk 1:04:09]} 19. fxe5 {[%clk 1:14:11]} cxd5 {[%clk 1:04:16]} 20.
exf6 {[%clk 1:14:29]} Nxf6 {[%clk 1:04:34]} 21. Bd3 {[%clk 1:13:07]} Bd7 {[%clk
0:56:17]} 22. Rxb7 {[%clk 1:12:03]} Qc8 {[%clk 0:55:30]} 23. Rb1 {[%clk 1:11:03]}
Ne4 {[%clk 0:52:07]} 24. Bxe4 {[%clk 1:09:47]} dxe4 {[%clk 0:52:14]} 25. Qxe4
{[%clk 1:09:43]} Qc6 {[%clk 0:49:21]} 26. Qxc6 {[%clk 1:09:29]} Bxc6 {[%clk
0:49:46]} 27. Rd1 {[%clk 1:09:49]} Be4 {[%clk 0:49:23]} 28. Rxd6 {[%clk 1:10:06]}
Rc8 {[%clk 0:48:05]} 29. Rd8+ {[%clk 1:10:25]} Rxd8 {[%clk 0:48:30]} 30. Bxd8
{[%clk 1:10:50]} Bxc2 {[%clk 0:48:56]} 1/2-1/2

[Event "Greek Team Championship"]
[Site "chess24.com"]
[Date "2017.07.03"]
[Round "1"]
[White "Goumas, Georgios"]
[Black "Gazis, Efstathios"]
[Result "1-0"]
[Board "3"]
[WhiteElo "2417"]
[WhiteTitle "FM"]
[WhiteCountry "GRE"]
[WhiteFideId "4208935"]
[WhiteEloChange "3"]
[BlackElo "2232"]
[BlackTitle "FM"]
[BlackCountry "GRE"]
[BlackFideId "4200659"]
[BlackEloChange "-5"]

1. e4 {[%clk 1:17:35]} e6 {[%clk 1:29:29]} 2. d4 {[%clk 1:17:53]} d5 {[%clk
1:29:54]} 3. Nc3 {[%clk 1:18:19]} Bb4 {[%clk 1:30:17]} 4. e5 {[%clk 1:18:39]} c5
{[%clk 1:30:41]} 5. a3 {[%clk 1:19:05]} Bxc3+ {[%clk 1:31:05]} 6. bxc3 {[%clk
1:19:31]} Ne7 {[%clk 1:30:32]} 7. h4 {[%clk 1:19:54]} Qa5 {[%clk 1:29:13]} 8. Bd2
{[%clk 1:18:33]} Qa4 {[%clk 1:25:20]} 9. h5 {[%clk 1:17:25]} b6 {[%clk 1:21:11]}
10. h6 {[%clk 1:04:01]} gxh6 {[%clk 1:21:34]} 11. Nf3 {[%clk 1:03:40]} Ba6 {[%clk
1:21:54]} 12. Rh4 {[%clk 1:02:11]} Bxf1 {[%clk 1:22:16]} 13. Kxf1 {[%clk
1:02:37]} Qc4+ {[%clk 1:21:02]} 14. Kg1 {[%clk 1:01:46]} Nbc6 {[%clk 1:18:51]}
15. dxc5 {[%clk 0:48:06]} Qxc5 {[%clk 1:15:27]} 16. Rxh6 {[%clk 0:48:09]} O-O-O
{[%clk 0:59:47]} 17. Bg5 {[%clk 0:44:53]} Rd7 {[%clk 0:59:41]} 18. Bf6 {[%clk
0:44:13]} Rg8 {[%clk 1:00:06]} 19. Rxh7 {[%clk 0:44:19]} Nf5 {[%clk 0:53:28]} 20.
Qd3 {[%clk 0:41:54]} d4 {[%clk 0:48:41]} 21. Rd1 {[%clk 0:29:46]} Qxa3 {[%clk
0:43:35]} 22. Ng5 {[%clk 0:28:06]} Qxc3 {[%clk 0:32:01]} 23. Qxc3 {[%clk
0:24:09]} dxc3 {[%clk 0:32:17]} 24. Rxd7 {[%clk 0:24:36]} Kxd7 {[%clk 0:32:41]}
25. Rxf7+ {[%clk 0:24:08]} Nfe7 {[%clk 0:32:33]} 26. Ne4 {[%clk 0:24:12]} Rg4
{[%clk 0:23:51]} 27. f3 {[%clk 0:21:53]} Rf4 {[%clk 0:23:14]} 28. Kf2 {[%clk
0:15:14]} a5 {[%clk 0:18:54]} 29. Ke3 {[%clk 0:13:44]} Rxe4+ {[%clk 0:13:59]} 30.
Kxe4 {[%clk 0:14:08]} b5 {[%clk 0:13:30]} 31. Bxe7 {[%clk 0:14:05]} Nxe7 {[%clk
0:13:53]} 32. Kd3 {[%clk 0:13:53]} b4 {[%clk 0:13:57]} 33. Rh7 {[%clk 0:11:50]}
Ke8 {[%clk 0:12:22]} 34. Rh8+ {[%clk 0:08:59]} Kd7 {[%clk 0:11:12]} 35. Rh7
{[%clk 0:09:24]} Ke8 {[%clk 0:11:18]} 36. Rh8+ {[%clk 0:09:46]} Kd7 {[%clk
0:10:39]} 37. Ra8 {[%clk 0:10:12]} Nc6 {[%clk 0:11:03]} 38. f4 {[%clk 0:10:34]}
Kc7 {[%clk 0:11:20]} 39. g4 {[%clk 0:06:31]} Kb7 {[%clk 0:11:40]} 40. Rh8 {[%clk
0:36:43]} a4 {[%clk 0:41:01]} 41. g5 {[%clk 0:30:36]} a3 {[%clk 0:40:15]} 42. g6
{[%clk 0:28:50]} b3 {[%clk 0:25:27]} 43. cxb3 {[%clk 0:28:24]} a2 {[%clk
0:25:11]} 44. Rh1 {[%clk 0:28:47]} Ne7 {[%clk 0:25:11]} 45. g7 {[%clk 0:29:03]}
1-0

[Event "Greek Team Championship"]
[Site "chess24.com"]
[Date "2017.07.03"]
[Round "1"]
[White "Papadopoulos, Nikolaos"]
[Black "Michelakos, Panagiotis"]
[Result "1-0"]
[Board "4"]
[WhiteElo "2216"]
[WhiteCountry "GRE"]
[WhiteFideId "4211596"]
[WhiteEloChange "12"]
[BlackElo "2291"]
[BlackCountry "GRE"]
[BlackFideId "4216067"]
[BlackEloChange "-12"]

1. d4 {[%clk 1:30:28]} Nf6 {[%clk 1:30:41]} 2. c4 {[%clk 1:26:22]} e6 {[%clk
1:30:29]} 3. Nc3 {[%clk 1:25:47]} Bb4 {[%clk 1:29:28]} 4. e3 {[%clk 1:24:05]} O-O
{[%clk 1:28:59]} 5. Bd3 {[%clk 1:24:18]} c5 {[%clk 1:27:38]} 6. Nf3 {[%clk
1:24:07]} d5 {[%clk 1:25:51]} 7. O-O {[%clk 1:23:58]} Nc6 {[%clk 1:24:57]} 8. a3
{[%clk 1:20:47]} Bxc3 {[%clk 1:21:42]} 9. bxc3 {[%clk 1:21:10]} dxc4 {[%clk
1:21:54]} 10. Bxc4 {[%clk 1:21:13]} Qc7 {[%clk 1:21:53]} 11. Bb2 {[%clk 1:17:44]}
e5 {[%clk 1:18:31]} 12. Be2 {[%clk 1:04:18]} Bg4 {[%clk 0:50:38]} 13. d5 {[%clk
0:40:27]} Bxf3 {[%clk 0:41:27]} 14. gxf3 {[%clk 0:31:53]} Rfd8 {[%clk 0:34:19]}
15. c4 {[%clk 0:31:58]} Ne7 {[%clk 0:33:07]} 16. Qc2 {[%clk 0:31:24]} Ng6 {[%clk
0:27:54]} 17. Kh1 {[%clk 0:31:06]} Ne8 {[%clk 0:27:12]} 18. Rg1 {[%clk 0:28:20]}
Nd6 {[%clk 0:24:19]} 19. Rg5 {[%clk 0:26:03]} f6 {[%clk 0:05:41]} 20. Rg4 {[%clk
0:26:04]} b5 {[%clk 0:01:32]} 21. cxb5 {[%clk 0:19:46]} c4 {[%clk 0:01:48]} 22.
a4 {[%clk 0:16:56]} Rac8 {[%clk 0:00:43]} 23. Bc3 {[%clk 0:15:59]} Qc5 {[%clk
0:00:38]} 24. Rd1 {[%clk 0:14:49]} Ne7 {[%clk 0:00:35]} 25. f4 {[%clk 0:07:39]}
Nxd5 {[%clk 0:00:41]} 26. fxe5 {[%clk 0:06:24]} Nxc3 {[%clk 0:00:34]} 27. Qxc3
{[%clk 0:05:27]} f5 {[%clk 0:00:32]} 28. Rf4 {[%clk 0:02:46]} Nf7 {[%clk
0:00:31]} 29. Rxd8+ {[%clk 0:02:40]} Rxd8 {[%clk 0:00:46]} 30. Rxc4 {[%clk
0:02:14]} Qd5+ {[%clk 0:00:48]} 31. f3 {[%clk 0:01:53]} 1-0

[Event "Greek Team Championship"]
[Site "chess24.com"]
[Date "2017.07.03"]
[Round "1"]
[White "Brunello, Marina"]
[Black "Radeva, Viktoria"]
[Result "1-0"]
[Board "5"]
[WhiteElo "2367"]
[WhiteTitle "FM"]
[WhiteCountry "ITA"]
[WhiteFideId "822590"]
[WhiteEloChange "6"]
[BlackElo "2236"]
[BlackTitle "WFM"]
[BlackCountry "BUL"]
[BlackFideId "2915405"]
[BlackEloChange "-6"]

1. e4 {[%clk 1:30:56]} c6 {[%clk 1:30:56]} 2. Nc3 {[%clk 1:29:09]} d5 {[%clk
1:31:11]} 3. Nf3 {[%clk 1:29:31]} Bg4 {[%clk 1:31:34]} 4. h3 {[%clk 1:29:20]}
Bxf3 {[%clk 1:31:59]} 5. Qxf3 {[%clk 1:29:46]} e6 {[%clk 1:32:23]} 6. d3 {[%clk
1:29:37]} Nf6 {[%clk 1:32:09]} 7. g3 {[%clk 1:29:03]} Nbd7 {[%clk 1:32:26]} 8.
Bg2 {[%clk 1:28:40]} d4 {[%clk 1:31:02]} 9. Nb1 {[%clk 1:27:06]} Be7 {[%clk
1:27:55]} 10. Qe2 {[%clk 1:25:43]} e5 {[%clk 1:27:46]} 11. Nd2 {[%clk 1:22:05]}
Qc7 {[%clk 1:24:30]} 12. O-O {[%clk 1:21:55]} O-O {[%clk 1:21:19]} 13. c3 {[%clk
1:15:06]} c5 {[%clk 1:18:30]} 14. a4 {[%clk 1:14:27]} Rfe8 {[%clk 1:14:20]} 15.
Nc4 {[%clk 1:10:54]} Nb6 {[%clk 1:08:01]} 16. Nd2 {[%clk 1:09:00]} Rad8 {[%clk
0:58:47]} 17. a5 {[%clk 1:04:23]} Nbd7 {[%clk 0:56:41]} 18. f4 {[%clk 1:02:15]}
dxc3 {[%clk 0:47:23]} 19. bxc3 {[%clk 1:02:04]} b5 {[%clk 0:47:17]} 20. axb6
{[%clk 0:59:51]} axb6 {[%clk 0:42:39]} 21. Rb1 {[%clk 0:55:41]} Bd6 {[%clk
0:35:16]} 22. Nc4 {[%clk 0:51:14]} Rb8 {[%clk 0:31:59]} 23. Na3 {[%clk 0:45:26]}
Qc6 {[%clk 0:27:00]} 24. Nb5 {[%clk 0:44:52]} Bf8 {[%clk 0:26:16]} 25. d4 {[%clk
0:38:46]} cxd4 {[%clk 0:23:13]} 26. cxd4 {[%clk 0:39:07]} exd4 {[%clk 0:22:48]}
27. e5 {[%clk 0:39:26]} Qc5 {[%clk 0:20:16]} 28. Qf3 {[%clk 0:38:29]} d3+ {[%clk
0:15:07]} 29. Kh1 {[%clk 0:33:40]} Rbd8 {[%clk 0:11:02]} 30. Be3 {[%clk 0:24:04]}
Nxe5 {[%clk 0:07:08]} 31. fxe5 {[%clk 0:23:40]} Qxe5 {[%clk 0:07:30]} 32. Bxb6
{[%clk 0:22:39]} Rd7 {[%clk 0:06:29]} 33. Qf4 {[%clk 0:17:47]} Qxf4 {[%clk
0:03:00]} 34. gxf4 {[%clk 0:17:19]} Ne4 {[%clk 0:02:44]} 35. Bxe4 {[%clk
0:13:31]} Rxe4 {[%clk 0:03:13]} 36. Nc3 {[%clk 0:13:21]} Rc4 {[%clk 0:02:56]} 37.
Nd1 {[%clk 0:13:10]} Rb7 {[%clk 0:01:37]} 38. Ne3 {[%clk 0:12:29]} Rc6 {[%clk
0:01:10]} 39. Ba5 {[%clk 0:10:51]} Re7 {[%clk 0:00:56]} 40. Bd2 {[%clk 0:40:34]}
Rce6 {[%clk 0:30:34]} 41. Rf3 {[%clk 0:37:41]} Rd7 {[%clk 0:28:01]} 42. Rb8
{[%clk 0:36:10]} Re4 {[%clk 0:26:48]} 43. Ng4 {[%clk 0:33:49]} f6 {[%clk
0:18:43]} 44. Nf2 {[%clk 0:31:38]} Ra4 {[%clk 0:15:09]} 45. Rxd3 {[%clk 0:29:58]}
Ra1+ {[%clk 0:14:06]} 46. Kg2 {[%clk 0:30:21]} Rxd3 {[%clk 0:13:42]} 47. Bb4
{[%clk 0:30:33]} 1-0

[Event "Greek Team Championship"]
[Site "chess24.com"]
[Date "2017.07.03"]
[Round "1"]
[White "Skiadaresi, Antonia"]
[Black "Avramidou, Anastasia"]
[Result "0-1"]
[Board "6"]
[WhiteElo "1394"]
[WhiteCountry "GRE"]
[WhiteFideId "4246578"]
[WhiteEloChange "-2"]
[BlackElo "2247"]
[BlackTitle "FM"]
[BlackCountry "GRE"]
[BlackFideId "4239873"]
[BlackEloChange "2"]

1. d4 {[%clk 1:30:57]} Nf6 {[%clk 1:30:53]} 2. Nf3 {[%clk 1:31:15]} g6 {[%clk
1:30:42]} 3. c4 {[%clk 1:31:24]} Bg7 {[%clk 1:31:05]} 4. g3 {[%clk 1:31:25]} d5
{[%clk 1:31:13]} 5. Bg2 {[%clk 1:30:07]} O-O {[%clk 1:31:35]} 6. cxd5 {[%clk
1:29:55]} Nxd5 {[%clk 1:31:48]} 7. O-O {[%clk 1:29:44]} Nc6 {[%clk 1:32:01]} 8.
e4 {[%clk 1:29:11]} Nb6 {[%clk 1:32:25]} 9. d5 {[%clk 1:27:53]} Na5 {[%clk
1:32:34]} 10. Nc3 {[%clk 1:27:19]} c6 {[%clk 1:32:39]} 11. dxc6 {[%clk 1:19:03]}
Nxc6 {[%clk 1:32:52]} 12. Qe2 {[%clk 1:17:43]} Bg4 {[%clk 1:25:22]} 13. Be3
{[%clk 1:11:14]} Ne5 {[%clk 1:07:03]} 14. Rfd1 {[%clk 0:57:31]} Qc7 {[%clk
1:05:50]} 15. Rac1 {[%clk 0:46:49]} Qc4 {[%clk 0:58:00]} 16. Qxc4 {[%clk
0:35:55]} Nbxc4 {[%clk 0:56:50]} 17. Nxe5 {[%clk 0:35:55]} Nxe5 {[%clk 0:51:30]}
18. Rd2 {[%clk 0:23:54]} Rfc8 {[%clk 0:46:42]} 19. h3 {[%clk 0:18:26]} Be6 {[%clk
0:46:23]} 20. Rdd1 {[%clk 0:16:47]} Nc4 {[%clk 0:44:36]} 21. Bd4 {[%clk 0:07:02]}
Nxb2 {[%clk 0:41:04]} 22. Rd2 {[%clk 0:07:17]} Na4 {[%clk 0:34:52]} 23. Rdc2
{[%clk 0:06:06]} Bxd4 {[%clk 0:33:28]} 24. Nxa4 {[%clk 0:06:15]} Rxc2 {[%clk
0:33:50]} 25. Rxc2 {[%clk 0:06:32]} b5 {[%clk 0:34:14]} 26. Nb2 {[%clk 0:04:57]}
Bxa2 {[%clk 0:33:27]} 27. Nd3 {[%clk 0:04:24]} Bc4 {[%clk 0:32:02]} 28. Nb4
{[%clk 0:04:44]} a5 {[%clk 0:31:39]} 29. Nd5 {[%clk 0:04:15]} Ra7 {[%clk
0:30:53]} 30. Bf1 {[%clk 0:03:10]} Bxf1 {[%clk 0:30:07]} 31. Kxf1 {[%clk
0:03:32]} a4 {[%clk 0:29:31]} 32. Ra2 {[%clk 0:02:49]} e6 {[%clk 0:28:56]} 33.
Nb4 {[%clk 0:02:46]} Bc3 {[%clk 0:29:12]} 34. Nd3 {[%clk 0:02:03]} b4 {[%clk
0:29:10]} 35. Ke2 {[%clk 0:01:54]} b3 {[%clk 0:28:35]} 36. Ra3 {[%clk 0:02:06]}
b2 {[%clk 0:28:03]} 37. Nxb2 {[%clk 0:01:19]} Bxb2 {[%clk 0:28:27]} 38. Ra2
{[%clk 0:01:41]} a3 {[%clk 0:28:52]} 39. Kd2 {[%clk 0:01:25]} Rc7 {[%clk
0:29:17]} 0-1

[Event "Greek Team Championship"]
[Site "chess24.com"]
[Date "2017.07.03"]
[Round "1"]
[White "Louka, Magdalini"]
[Black "Grafakou, Sotiria-Aphrodite"]
[Result "0-1"]
[Board "7"]
[WhiteElo "1703"]
[WhiteCountry "GRE"]
[WhiteFideId "4271246"]
[WhiteEloChange "-10"]
[BlackElo "1695"]
[BlackCountry "GRE"]
[BlackFideId "4249879"]
[BlackEloChange "10"]

1. e4 {[%clk 1:30:56]} c5 {[%clk 1:30:52]} 2. Nf3 {[%clk 1:31:11]} Nc6 {[%clk
1:31:08]} 3. d4 {[%clk 1:31:28]} cxd4 {[%clk 1:31:12]} 4. Nxd4 {[%clk 1:31:52]}
g6 {[%clk 1:30:52]} 5. c4 {[%clk 1:32:09]} Nf6 {[%clk 1:31:09]} 6. Nc3 {[%clk
1:32:31]} Nxd4 {[%clk 1:30:55]} 7. Qxd4 {[%clk 1:32:50]} d6 {[%clk 1:31:02]} 8.
Be3 {[%clk 1:28:15]} Bg7 {[%clk 1:30:57]} 9. f3 {[%clk 1:27:46]} O-O {[%clk
1:30:54]} 10. Qd2 {[%clk 1:27:20]} Be6 {[%clk 1:27:52]} 11. Be2 {[%clk 1:23:28]}
Qa5 {[%clk 1:20:22]} 12. Rc1 {[%clk 1:19:48]} a6 {[%clk 1:12:49]} 13. O-O {[%clk
1:13:05]} Qd8 {[%clk 1:08:51]} 14. f4 {[%clk 1:02:25]} Qd7 {[%clk 0:58:22]} 15.
Qd3 {[%clk 0:48:07]} Qc8 {[%clk 0:46:28]} 16. Na4 {[%clk 0:38:58]} Qe8 {[%clk
0:43:19]} 17. Nb6 {[%clk 0:37:17]} Rb8 {[%clk 0:39:37]} 18. f5 {[%clk 0:29:38]}
Bd7 {[%clk 0:37:53]} 19. g4 {[%clk 0:26:20]} Bc6 {[%clk 0:35:59]} 20. Bf3 {[%clk
0:21:31]} Nd7 {[%clk 0:34:24]} 21. Nxd7 {[%clk 0:21:07]} Qxd7 {[%clk 0:33:27]}
22. Qd2 {[%clk 0:17:47]} Kh8 {[%clk 0:32:05]} 23. Bh6 {[%clk 0:15:45]} Rg8 {[%clk
0:30:06]} 24. Bg2 {[%clk 0:12:41]} gxf5 {[%clk 0:17:31]} 25. Rxf5 {[%clk
0:12:03]} Qe6 {[%clk 0:16:35]} 26. Bxg7+ {[%clk 0:09:46]} Rxg7 {[%clk 0:16:55]}
27. Qd4 {[%clk 0:09:45]} Rg8 {[%clk 0:15:25]} 28. g5 {[%clk 0:07:56]} f6 {[%clk
0:12:30]} 29. h4 {[%clk 0:06:17]} h6 {[%clk 0:10:37]} 30. Rc3 {[%clk 0:06:12]}
Kh7 {[%clk 0:07:41]} 31. Kh1 {[%clk 0:05:20]} fxg5 {[%clk 0:07:03]} 32. hxg5
{[%clk 0:04:46]} Rxg5 {[%clk 0:07:12]} 33. Bh3 {[%clk 0:03:53]} Qxe4+ {[%clk
0:07:07]} 0-1

[Event "Greek Team Championship"]
[Site "chess24.com"]
[Date "2017.07.03"]
[Round "1"]
[White "Gkikas, Vasilios"]
[Black "Kouskoutis, Georgios-Alexandros"]
[Result "0-1"]
[Board "8"]
[WhiteElo "1981"]
[WhiteCountry "GRE"]
[WhiteFideId "4256662"]
[WhiteEloChange "-4"]
[BlackElo "2242"]
[BlackCountry "GRE"]
[BlackFideId "4234049"]
[BlackEloChange "4"]

1. d4 {[%clk 1:30:27]} Nf6 {[%clk 1:30:52]} 2. c4 {[%clk 1:30:35]} e6 {[%clk
1:31:16]} 3. Nf3 {[%clk 1:30:18]} c5 {[%clk 1:30:56]} 4. d5 {[%clk 1:30:17]} d6
{[%clk 1:31:20]} 5. Nc3 {[%clk 1:30:30]} exd5 {[%clk 1:31:44]} 6. cxd5 {[%clk
1:30:34]} g6 {[%clk 1:32:08]} 7. Nd2 {[%clk 1:30:44]} a6 {[%clk 1:27:01]} 8. a4
{[%clk 1:29:05]} Nbd7 {[%clk 1:17:48]} 9. e4 {[%clk 1:28:00]} Bg7 {[%clk
1:16:23]} 10. Be2 {[%clk 1:24:12]} O-O {[%clk 1:16:27]} 11. O-O {[%clk 1:23:46]}
Re8 {[%clk 1:13:46]} 12. Qc2 {[%clk 1:20:59]} Rb8 {[%clk 1:10:41]} 13. a5 {[%clk
1:19:45]} b5 {[%clk 0:58:39]} 14. axb6 {[%clk 1:19:52]} Nxb6 {[%clk 0:58:57]} 15.
Re1 {[%clk 0:59:31]} h5 {[%clk 0:58:02]} 16. Nf1 {[%clk 0:57:05]} Ng4 {[%clk
0:51:31]} 17. h3 {[%clk 0:51:37]} Nxf2 {[%clk 0:45:11]} 18. Kxf2 {[%clk 0:49:45]}
Qh4+ {[%clk 0:45:15]} 19. g3 {[%clk 0:46:57]} Qxh3 {[%clk 0:45:33]} 20. Bf3
{[%clk 0:45:10]} h4 {[%clk 0:33:26]} 21. Ne2 {[%clk 0:37:13]} f5 {[%clk 0:20:26]}
22. Bf4 {[%clk 0:29:27]} fxe4 {[%clk 0:18:07]} 23. Bxe4 {[%clk 0:26:56]} hxg3+
{[%clk 0:17:14]} 24. Bxg3 {[%clk 0:25:45]} Bg4 {[%clk 0:12:53]} 25. Rad1 {[%clk
0:17:02]} Rf8+ {[%clk 0:10:29]} 26. Kg1 {[%clk 0:17:02]} Rxf1+ {[%clk 0:06:54]}
27. Rxf1 {[%clk 0:17:18]} Bxe2 {[%clk 0:07:19]} 28. Qxe2 {[%clk 0:17:14]} Qxg3+
{[%clk 0:07:44]} 29. Qg2 {[%clk 0:17:39]} Bd4+ {[%clk 0:07:43]} 30. Rxd4 {[%clk
0:17:58]} Qxg2+ {[%clk 0:08:08]} 31. Kxg2 {[%clk 0:18:13]} cxd4 {[%clk 0:08:35]}
32. Bxg6 {[%clk 0:18:06]} Nc4 {[%clk 0:08:35]} 33. Ra1 {[%clk 0:06:37]} Rxb2+
{[%clk 0:08:31]} 34. Kg1 {[%clk 0:05:03]} a5 {[%clk 0:08:37]} 35. Bd3 {[%clk
0:05:17]} Ne5 {[%clk 0:09:02]} 36. Ba6 {[%clk 0:05:06]} d3 {[%clk 0:07:46]} 37.
Kf1 {[%clk 0:03:49]} Kf7 {[%clk 0:02:45]} 38. Rxa5 {[%clk 0:02:00]} Rb1+ {[%clk
0:02:40]} 39. Kf2 {[%clk 0:01:39]} d2 {[%clk 0:03:03]} 40. Be2 {[%clk 0:31:35]}
d1Q {[%clk 0:33:12]} 41. Bxd1 {[%clk 0:31:59]} Rxd1 {[%clk 0:33:35]} 42. Ke2
{[%clk 0:32:21]} Rd4 {[%clk 0:32:59]} 0-1

[Event "Greek Team Championship"]
[Site "chess24.com"]
[Date "2017.07.03"]
[Round "1"]
[White "Krallis, Christos"]
[Black "Gkikas, Ioannis"]
[Result "1-0"]
[Board "9"]
[WhiteElo "2218"]
[WhiteCountry "GRE"]
[WhiteFideId "4298896"]
[WhiteEloChange "2"]
[BlackElo "1546"]
[BlackCountry "GRE"]
[BlackFideId "4264550"]
[BlackEloChange "-2"]

1. e4 {[%clk 1:30:59]} c5 {[%clk 1:30:49]} 2. Nf3 {[%clk 1:31:20]} e6 {[%clk
1:31:10]} 3. d4 {[%clk 1:31:43]} cxd4 {[%clk 1:31:34]} 4. Nxd4 {[%clk 1:32:07]}
a6 {[%clk 1:31:57]} 5. Nc3 {[%clk 1:32:10]} Qc7 {[%clk 1:32:16]} 6. Bd3 {[%clk
1:32:29]} Bc5 {[%clk 1:32:06]} 7. Nb3 {[%clk 1:32:52]} Be7 {[%clk 1:32:22]} 8.
O-O {[%clk 1:33:10]} Nf6 {[%clk 1:31:17]} 9. f4 {[%clk 1:32:52]} d6 {[%clk
1:31:32]} 10. Qf3 {[%clk 1:33:08]} Nc6 {[%clk 1:27:00]} 11. Bd2 {[%clk 1:32:53]}
O-O {[%clk 1:25:55]} 12. Rae1 {[%clk 1:32:55]} Bd7 {[%clk 1:20:09]} 13. Qg3
{[%clk 1:27:32]} b5 {[%clk 1:02:16]} 14. e5 {[%clk 1:23:46]} Nd5 {[%clk 0:57:33]}
15. Nxd5 {[%clk 1:20:42]} exd5 {[%clk 0:56:59]} 16. f5 {[%clk 1:19:34]} dxe5
{[%clk 0:36:44]} 17. f6 {[%clk 1:19:48]} Bxf6 {[%clk 0:37:12]} 18. Rxf6 {[%clk
1:20:10]} Kh8 {[%clk 0:32:41]} 19. Qh4 {[%clk 1:19:20]} e4 {[%clk 0:31:50]} 20.
Rxe4 {[%clk 1:16:25]} dxe4 {[%clk 0:21:19]} 21. Bxe4 {[%clk 1:16:49]} g6 {[%clk
0:19:30]} 22. Rxc6 {[%clk 1:17:16]} Qd8 {[%clk 0:07:55]} 23. Bg5 {[%clk 1:14:30]}
Qe8 {[%clk 0:04:02]} 24. Bf6+ {[%clk 1:14:53]} 1-0

[Event "Greek Team Championship"]
[Site "chess24.com"]
[Date "2017.07.03"]
[Round "1"]
[White "Spanos, Dimitrios"]
[Black "Stamatiou, Rodolfos"]
[Result "0-1"]
[Board "10"]
[WhiteElo "1353"]
[WhiteCountry "GRE"]
[WhiteFideId "25807846"]
[WhiteEloChange "-3"]
[BlackElo "1663"]
[BlackCountry "GRE"]
[BlackFideId "25826530"]
[BlackEloChange "3"]

1. d4 {[%clk 1:30:43]} d5 {[%clk 1:30:51]} 2. c4 {[%clk 1:30:55]} e6 {[%clk
1:31:12]} 3. Nc3 {[%clk 1:31:10]} c6 {[%clk 1:31:26]} 4. Nf3 {[%clk 1:31:14]} Nf6
{[%clk 1:31:18]} 5. Bg5 {[%clk 1:30:26]} Nbd7 {[%clk 1:31:14]} 6. e3 {[%clk
1:30:04]} Qa5 {[%clk 1:30:46]} 7. a3 {[%clk 1:27:12]} Ne4 {[%clk 1:27:57]} 8. Qc2
{[%clk 1:25:48]} Nxg5 {[%clk 1:27:57]} 9. Nxg5 {[%clk 1:25:51]} dxc4 {[%clk
1:22:34]} 10. Nf3 {[%clk 1:24:28]} b5 {[%clk 1:20:35]} 11. Be2 {[%clk 1:22:49]}
Be7 {[%clk 1:11:04]} 12. O-O {[%clk 1:23:02]} O-O {[%clk 1:10:21]} 13. a4 {[%clk
1:14:56]} Qb6 {[%clk 1:03:34]} 14. axb5 {[%clk 1:15:17]} cxb5 {[%clk 1:03:57]}
15. b3 {[%clk 1:15:25]} cxb3 {[%clk 1:00:27]} 16. Qxb3 {[%clk 1:15:48]} a6 {[%clk
0:59:10]} 17. Rfb1 {[%clk 0:48:22]} Bb7 {[%clk 0:55:35]} 18. Ne5 {[%clk 0:33:20]}
Nxe5 {[%clk 0:55:12]} 19. dxe5 {[%clk 0:33:42]} Qc5 {[%clk 0:55:10]} 20. Na4
{[%clk 0:13:50]} Qxe5 {[%clk 0:54:22]} 21. Nb6 {[%clk 0:14:06]} Rad8 {[%clk
0:54:24]} 22. Rd1 {[%clk 0:13:03]} Qc7 {[%clk 0:53:44]} 23. Bxb5 {[%clk 0:05:41]}
Qxb6 {[%clk 0:53:45]} 24. Bc4 {[%clk 0:05:57]} Rxd1+ {[%clk 0:53:09]} 25. Qxd1
{[%clk 0:06:15]} Qc6 {[%clk 0:52:45]} 26. Bf1 {[%clk 0:06:40]} Rd8 {[%clk
0:52:46]} 27. Qh5 {[%clk 0:06:17]} Qd5 {[%clk 0:51:06]} 28. Qxd5 {[%clk 0:05:36]}
Rxd5 {[%clk 0:51:00]} 29. h3 {[%clk 0:05:34]} Rd8 {[%clk 0:49:11]} 30. Bxa6
{[%clk 0:05:50]} Ra8 {[%clk 0:49:34]} 0-1